000 00313nam a22001457a 4500
008 210225b ||||| |||| 00| 0 eng d
020 _a0536460172
041 _aeng
080 _25th
_a510
082 _a510
100 _a36
101 _aMAT
245 _aCalculus
_cStrauss, Bradley, Smith
942 _2udc
_cBK
999 _c55206
_d55206